<?xml version="1.0" encoding="UTF-8"?>
<record
    xmlns:xsi="http://www.w3.org/2001/XMLSchema-instance"
    xsi:schemaLocation="http://www.loc.gov/MARC21/slim http://www.loc.gov/standards/marcxml/schema/MARC21slim.xsd"
    xmlns="http://www.loc.gov/MARC21/slim">

  <leader>01607nam a22001457a 4500</leader>
  <controlfield tag="008">121205t        xxu||||| |||| 00| 0 eng d</controlfield>
  <datafield tag="050" ind1=" " ind2=" ">
    <subfield code="a">Reference</subfield>
  </datafield>
  <datafield tag="245" ind1=" " ind2=" ">
    <subfield code="a">The Church and the state in education in Nigeria. /</subfield>
    <subfield code="c">edited by G.A. Ojo</subfield>
  </datafield>
  <datafield tag="260" ind1=" " ind2=" ">
    <subfield code="a">Ibadan:</subfield>
    <subfield code="b">Clavarianum Press,</subfield>
  </datafield>
  <datafield tag="300" ind1=" " ind2=" ">
    <subfield code="a">119 p.:</subfield>
    <subfield code="c">21cm.</subfield>
  </datafield>
  <datafield tag="505" ind1=" " ind2=" ">
    <subfield code="a">Contents: The Church and the state in education - an overview: Most Rev. Francis A. Arinze -- Some historical aspects of church - state relationship in education: Rt. Rev. Brian D. Usanga -- The Basis for harmony and concord in church - state participation in education: Rt. Rev. Gregory Ochiagha -- Parental responsibilities for education: Dr. Ignatius Olusola Ajimoko -- Constitutional rights and responsibilities of the church for education: Rev. Dr. Justin S. Ukpong -- Current problems in church - State relationships in education: Chief M.S. Ibikunle -- Problems of church-state partnership education in non-christian areas: Mr. Matthew Otalike -- Socio-economic aspects of the future of church-state participation in education: Professor G.A. Ojo -- Political strains and stresses of the future of church-state participation in education: Dr. Ambrose Okeke -- The Future of church-state participation in education, consequences of a breakdown: Rev. Dr S.U. Etok -- Legal implications of breach of constitutional rights of educator in Nigeria: '' Legal adviser'' -- Memorandum of federal and state governments on the church and state in education: National laity council of Nigeria.</subfield>
  </datafield>
  <datafield tag="650" ind1=" " ind2=" ">
    <subfield code="b">Church and state </subfield>
    <subfield code="x">Nigeria</subfield>
    <subfield code="x"> Congresses</subfield>
  </datafield>
  <datafield tag="700" ind1=" " ind2=" ">
    <subfield code="a">Ojo, G.A.</subfield>
  </datafield>
  <datafield tag="942" ind1=" " ind2=" ">
    <subfield code="2">lcc</subfield>
    <subfield code="c">BK</subfield>
  </datafield>
  <datafield tag="999" ind1=" " ind2=" ">
    <subfield code="c">2636</subfield>
    <subfield code="d">10136</subfield>
  </datafield>
  <datafield tag="952" ind1=" " ind2=" ">
    <subfield code="0">0</subfield>
    <subfield code="1">0</subfield>
    <subfield code="2">lcc</subfield>
    <subfield code="4">0</subfield>
    <subfield code="7">0</subfield>
    <subfield code="a">WIUC-1</subfield>
    <subfield code="b">WIUC-1</subfield>
    <subfield code="c">AEC</subfield>
    <subfield code="d">2012-12-05</subfield>
    <subfield code="l">0</subfield>
    <subfield code="o">REFERENCE</subfield>
    <subfield code="p">6843/12</subfield>
    <subfield code="r">2012-12-05 00:00:00</subfield>
    <subfield code="w">2012-12-05</subfield>
    <subfield code="y">BK</subfield>
  </datafield>
</record>
